| 000 | 00540nam a22002057a 4500 | ||
|---|---|---|---|
| 005 | 20250218164619.0 | ||
| 008 | 250213b |||||||| |||| 00| 0 eng d | ||
| 020 | _a9781911717096 | ||
| 041 | _aEnglish | ||
| 082 |
_a001.09 HAR _b33620 |
||
| 100 | _aYuval Noah Harari | ||
| 110 | _a | ||
| 245 |
_aNexus _bA brief History of Information Networks From The stone Age to AI |
||
| 250 | _a1st | ||
| 260 |
_anew york _bPenguin Random House _c2024 |
||
| 300 | _a492:P 22cm | ||
| 365 |
_b715 _cRs. |
||
| 650 | _aPower Resource | ||
| 942 | _cBK | ||
| 999 |
_c43326 _d43326 |
||